Bergson : (Record no. 32496)

MARC details
000 -LEADER
campo de control de longitud fija 00617nam a2200181 i 4500
001 - NÚMERO DE CONTROL
campo de control 32496
003 - IDENTIFICADOR DE NÚMERO DE CONTROL
campo de control ES-MaACL
005 - FECHA Y HORA DE LA ÚLTIMA TRANSACCIÓN
campo de control 20230906154601.0
007 - CAMPO FIJO DE DESCRIPCIÓN FÍSICA--INFORMACIÓN GENERAL
campo de control de longitud fija t|
008 - DATOS DE LONGITUD FIJA--INFORMACIÓN GENERAL
campo de control de longitud fija 030131s1942 ag ||||1| spa d
100 1# - ENTRADA PRINCIPAL--NOMBRE DE PERSONA
Nombre de persona Benrubi, J.
9 (RLIN) 27768
245 10 - MENCIÓN DEL TÍTULO
Título Bergson :
Resto del título estudio sobre su doctrina /
Mención de responsabilidad, etc. por J. Benrubi ; selección de textos, traducción y notas por Demetrio Náñez.
260 ## - PUBLICACIÓN, DISTRIBUCIÓN, ETC.
Lugar de publicación, distribución, etc. Buenos Aires :
Nombre del editor, distribuidor, etc. Sudamericana,
Fecha de publicación, distribución, etc. [1942] (
Fabricante Linari y Cía.)
300 ## - DESCRIPCIÓN FÍSICA
Extensión 223 p. ;
Dimensiones 18 cm.
600 14 - PUNTO DE ACCESO ADICIONAL DE MATERIA--NOMBRE DE PERSONA
Nombre de persona Bergson, Henri-
Subdivisión general Crítica e interpretación.
9 (RLIN) 28014
700 1# - ENTRADA AGREGADA--NOMBRE PERSONAL
Nombre de persona Náñez, Demetrio.
9 (RLIN) 84908
852 ## - LOCALIZACIÓN
Ubicación ES-MaACL
Número de control de estantería C-3993
Holdings
Estatus retirado Estado de pérdida Estado de daño No para préstamo Biblioteca de origen Biblioteca actual Ubicación en estantería Fecha de adquisición Fuente de adquisición Total de préstamos Signatura topográfica completa Código de barras Visto por última vez Precio de reemplazo Tipo de ítem Koha
        Biblioteca del Ateneo de Madrid Biblioteca del Ateneo de Madrid Sala Palomar 17/01/2008     C-3993 1033673 23/02/2023 23/02/2023 Libro impreso